Adresář československé soustavy VTEI Přehled činností a služeb

Salvato in:
Dettagli Bibliografici
Natura: Libro
Lingua:ceco
Pubblicazione: Praha Ústředí vědeckých, technických a ekonomických informací 1987
Serie:Zdroje informací sv. 5
Tags: Aggiungi Tag
Nessun Tag, puoi essere il primo ad aggiungerne!!

MARC

LEADER 00000nam a2200000 4500
001 c023357
005 20251111094134.1
041 0 |a cze 
044 |a CZ 
245 1 0 |a Adresář československé soustavy VTEI  |b Přehled činností a služeb 
264 1 |a Praha  |b Ústředí vědeckých, technických a ekonomických informací  |c 1987 
300 |a 2 zv. 
490 1 |a Zdroje informací  |v sv. 5 
830 0 |a Zdroje informací  |v sv. 5